000
00269nam a2200109Ia 4500
008
220204s9999 xx 000 0 und d
082
_a
035
_b
SAV
100
_a
SAVANT, John
245
0
_a
Red tape unleashed
260
_a
Bombay
_b
Bharatiya Vidya Bhavan
_c
1978
942
_c
BK
999
_c
33600
_d
33600